La ciencia de la comunicación en América Latina / (Registro nro. 24763)
[ vista simple ]
| 000 -LEADER | |
|---|---|
| fixed length control field | 01173cam a2200313 i 4500 |
| 001 - CONTROL NUMBER | |
| control field | 24763 |
| 003 - CONTROL NUMBER IDENTIFIER | |
| control field | Mx-PuUPA |
| 005 - DATE AND TIME OF LATEST TRANSACTION | |
| control field | 20250512151525.0 |
| 008 - FIXED-LENGTH DATA ELEMENTS--GENERAL INFORMATION | |
| fixed length control field | 140415s1985 mx gr 000 0 spa d |
| 040 ## - CATALOGING SOURCE | |
| Original cataloging agency | Mx-PuUPA |
| Language of cataloging | spa |
| Transcribing agency | Mx-PuUPA |
| Modifying agency | Mx-PuUPA |
| Description conventions | rda |
| 041 0# - LANGUAGE CODE | |
| Language code of text/sound track or separate title | spa |
| 043 ## - GEOGRAPHIC AREA CODE | |
| Geographic area code | cl----- |
| 100 1# - MAIN ENTRY--PERSONAL NAME | |
| Personal name | Jiménez, José Heliodoro, |
| 9 (RLIN) | 16904 |
| Relator term | autor |
| 245 13 - TITLE STATEMENT | |
| Title | La ciencia de la comunicación en América Latina / |
| Statement of responsibility, etc. | José Heliodoro Jiménez |
| 250 ## - EDITION STATEMENT | |
| Edition statement | 2a. edición |
| 264 #1 - PRODUCTION, PUBLICATION, DISTRIBUTION, MANUFACTURE, AND COPYRIGHT NOTICE | |
| Place of production, publication, distribution, manufacture | México, D.F. : |
| Name of producer, publisher, distributor, manufacturer | Ediciones Quinto Sol, |
| Date of production, publication, distribution, manufacture, or copyright notice | 1985 |
| 300 ## - PHYSICAL DESCRIPTION | |
| Extent | 107 páginas : |
| Other physical details | ilustraciones ; |
| Dimensions | 21 cm |
| 336 ## - CONTENT TYPE | |
| Fuente | rdacontent |
| Content type term | texto |
| Content type code | txt |
| 337 ## - MEDIA TYPE | |
| Source | rdamedia |
| Media type term | sin medio |
| Media type code | n |
| 338 ## - CARRIER TYPE | |
| Source | rdacarrier |
| Carrier type term | volumen |
| Carrier type code | nc |
| 650 #7 - SUBJECT ADDED ENTRY--TOPICAL TERM | |
| Source of heading or term | armarc |
| Topical term or geographic name entry element | Comunicación |
| Geographic subdivision | Latinoamérica |
| General subdivision | Estudios y enseñanza |
| 650 #7 - SUBJECT ADDED ENTRY--TOPICAL TERM | |
| Source of heading or term | armarc |
| Topical term or geographic name entry element | Comunicación masiva |
| Geographic subdivision | Latinoamérica |
| General subdivision | Historia |
| 650 #7 - SUBJECT ADDED ENTRY--TOPICAL TERM | |
| Source of heading or term | armarc |
| Topical term or geographic name entry element | Medios de comunicación |
| Geographic subdivision | América Latina |
| General subdivision | Historia |
| 650 #7 - SUBJECT ADDED ENTRY--TOPICAL TERM | |
| Source of heading or term | armarc |
| Topical term or geographic name entry element | Medios de comunicación de masas y cultura |
| Geographic subdivision | América Latina |
| 651 #4 - SUBJECT ADDED ENTRY--GEOGRAPHIC NAME | |
| Geographic name | América Latina |
| General subdivision | Consiciones políticas |
| 942 ## - ADDED ENTRY ELEMENTS (KOHA) | |
| Source of classification or shelving scheme | Dewey Decimal Classification |
| Koha item type | Libro |
| Classification part | 302.23098 |
| Item part | J64 |
| Withdrawn status | Lost status | Source of classification or shelving scheme | Damaged status | Not for loan | Collection code | Home library | Current library | Shelving location | Date acquired | Total Checkouts | Full call number | Barcode | Date last seen | Price effective from | Koha item type |
|---|---|---|---|---|---|---|---|---|---|---|---|---|---|---|---|
| Dewey Decimal Classification | General | Angelópolis | Angelópolis | Sala general | 12/05/2025 | 302.23098 J64 1985 | 965000000372 | 12/05/2025 | 12/05/2025 | Libro |